China and the Future of Globalization. (Record no. 9089)

MARC details
000 -LEADER
fixed length control field 00516nam a2200205uu 4500
001 - CONTROL NUMBER
control field WIIW0000188
003 - CONTROL NUMBER IDENTIFIER
control field OSt
005 - DATE AND TIME OF LATEST TRANSACTION
control field 20250221134042.0
007 - PHYSICAL DESCRIPTION FIXED FIELD--GENERAL INFORMATION
fixed length control field tu
008 - FIXED-LENGTH DATA ELEMENTS--GENERAL INFORMATION
fixed length control field 250221t2020 xxk||||| ||||||0| | eng d
020 ## - INTERNATIONAL STANDARD BOOK NUMBER
International Standard Book Number 978-1-7883-1550-0
040 ## - CATALOGING SOURCE
Transcribing agency OSt
041 ## - LANGUAGE CODE
Language code of text/sound track or separate title eng
245 00 - TITLE STATEMENT
Title China and the Future of Globalization.
Remainder of title The Political Economy of China's Rise
260 ## - PUBLICATION, DISTRIBUTION, ETC.
Place of publication, distribution, etc. London, New York :
Name of publisher, distributor, etc. I. B. Tauris,
300 ## - PHYSICAL DESCRIPTION
Extent 188 S. ;
Dimensions 21,5 cm.
650 ## - SUBJECT ADDED ENTRY--TOPICAL TERM
Topical term or geographic name entry element Globalization
651 ## - SUBJECT ADDED ENTRY--GEOGRAPHIC NAME
Geographic name China
942 ## - ADDED ENTRY ELEMENTS (KOHA)
Koha item type Book
Source of classification or shelving scheme Other/Generic Classification Scheme

No items available.

The Vienna Instiute for International Economic Studies (wiiw)